Glass / (Record no. 8538)

MARC details
000 -LEADER
fixed length control field 00850nac a22002531u 4500
010 ## - LIBRARY OF CONGRESS CONTROL NUMBER
LC control number 77378180
020 ## - INTERNATIONAL STANDARD BOOK NUMBER
International Standard Book Number 0123418127
020 ## - INTERNATIONAL STANDARD BOOK NUMBER
International Standard Book Number 0123418224 :
082 00 - DEWEY DECIMAL CLASSIFICATION NUMBER
Classification number 620.144
Item number GLA
090 ## - LOCALLY ASSIGNED LC-TYPE CALL NUMBER (OCLC); LOCAL CALL NUMBER (OCLC)
-- 8538
-- 8538
100 ## - MAIN ENTRY--PERSONAL NAME
Personal name 20080729
245 00 - TITLE STATEMENT
Title Glass /
Statement of responsibility, etc edited by Minoru Tomozawa, Robert H. Doremus.
260 ## - PUBLICATION, DISTRIBUTION, ETC. (IMPRINT)
Place of publication, distribution, etc New York :
Name of publisher, distributor, etc Academic Press,1982.
Date of publication, distribution, etc c1982.
300 ## - PHYSICAL DESCRIPTION
Extent xi, 320 p. :
Other physical details ill. ;
Dimensions 24 cm.
440 #0 -
-- Treatise on materials science and technology ;
-- 22;
500 ## - GENERAL NOTE
General note Vol. 1 also has special title: Interaction with electromagnetic radiation.
500 ## - GENERAL NOTE
General note Distributer: Al-Ahram
504 ## - BIBLIOGRAPHY, ETC. NOTE
Bibliography, etc Includes bibliographies and indexe.
511 ## - PARTICIPANT OR PERFORMER NOTE
Participant or performer note Catalogued by: Sara
650 #0 - SUBJECT ADDED ENTRY--TOPICAL TERM
Topical term or geographic name as entry element Glass.
700 1# - ADDED ENTRY--PERSONAL NAME
Personal name Tomozawa, Minoru.
700 1# - ADDED ENTRY--PERSONAL NAME
Personal name Doremus, R. H.
942 ## - ADDED ENTRY ELEMENTS (KOHA)
Item type Book - Borrowing
Call number prefix 620.144GLA
Holdings
Withdrawn status Item status Damaged status Not for loan Home library Current library Shelving location Date acquired Source of acquisition Total Checkouts Full call number Barcode Date last seen Koha item type
        Central Library Central Library First floor 08/03/2012 Purchase   620.144GLA 000010344 15/07/2025 Book - Borrowing